Welcome to the Holygrace Academy Library

Please use search bar below to get started

MAP PRACTICE GEOGRAPHY & HISTORY (Record no. 1643)

MARC details
000 -LEADER
fixed length control field 00389nam a22001577a 4500
020 ## - INTERNATIONAL STANDARD BOOK NUMBER
ISBN 81-7071-721-8
082 ## - DEWEY DECIMAL CLASSIFICATION NUMBER
Classification number 912
Item number JAI/G
100 ## - MAIN ENTRY--AUTHOR NAME
Personal name JAIN, R.K
245 ## - TITLE STATEMENT
Title MAP PRACTICE GEOGRAPHY & HISTORY
Remainder of title GEOGRAPHY & HISTORY
246 ## - VARYING FORM OF TITLE
Title proper/short title MAP PRACTICE GEOGRAPHY & HISTORY
Remainder of title GEOGRAPHY & HISTORY
260 ## - PUBLICATION, DISTRIBUTION, ETC. (IMPRINT)
Name of publisher RATNA SAGAR
Year of publication 2003
300 ## - PHYSICAL DESCRIPTION
Number of Pages 80
520 ## - SUMMARY, ETC.
Summary, etc MAP
650 ## - SUBJECT ADDED ENTRY--TOPICAL TERM
Topical Term MAP
942 ## - ADDED ENTRY ELEMENTS (KOHA)
Koha item type Books
Holdings
Withdrawn status Lost status Collection code Home library Current library Shelving location Date acquired Source of acquisition Cost, normal purchase price Full call number Accession Number Koha item type
    Reference Main Library Main Library SHELF-5 H REFERENCE SOCIAL SCIENCE 03/06/2004 Purchase 60.00 912 JAI/G 01662 Books
    Reference Main Library Main Library SHELF-5 H REFERENCE SOCIAL SCIENCE 03/06/2004 Purchase 60.00 912 JAI/G 01661 Books
    Reference Main Library Main Library SHELF-5 H REFERENCE SOCIAL SCIENCE 03/06/2004 Purchase 60.00 912 JAI/G 01660 Books
    Reference Main Library Main Library SHELF-5 H REFERENCE SOCIAL SCIENCE 03/06/2004 Purchase 40.00 912 JAI/G 01657 Books